Sons de l'album ADC de Freeze Corleone. - Statistiques

Statistiques générales
  • Ce quiz a été pris 592 fois
  • Le résultat moyen est 10 sur 13
Statistiques - réponses
Numéro Réponse % Correct
12 Jour de plus
90%
1 MW2
88%
3 Shavkat
88%
5 Ancelotti
87%
13 Lamborghini bénie
82%
4 Amérique du sud
80%
7 Kpop
76%
9 Bill Clinton
75%
10 Voldemort
75%
8 L'homme méthode
68%
2 Isshin Ashina
66%
11 Argent noir part. 3
62%
6 Tse Chi Lop
60%
Aucun quiz correspondant
Distribution des résultats
% des personnes avec chaque résultat
Percentile par nombre de réponses
Votre historique - résultats
Vous n’avez pas pris ce quiz